Drug-related problems in the elderly / (Record no. 132941)

MARC details
000 -LEADER
fixed length control field 00925cam a2200265 a 4500
001 - CONTROL NUMBER
control field vtls003211724
003 - CONTROL NUMBER IDENTIFIER
control field MY-SjTCS
005 - DATE AND TIME OF LATEST TRANSACTION
control field 20200226114451.0
008 - FIXED-LENGTH DATA ELEMENTS--GENERAL INFORMATION
fixed length control field 110218s2009 ne a b 001 0 eng
020 ## - INTERNATIONAL STANDARD BOOK NUMBER
International Standard Book Number 9789048124459 (hbk.)
020 ## - INTERNATIONAL STANDARD BOOK NUMBER
International Standard Book Number 9789048124466 (hbk.)
039 #9 - LEVEL OF BIBLIOGRAPHIC CONTROL AND CODING DETAIL [OBSOLETE]
Level of rules in bibliographic description 201102181717
Level of effort used to assign nonsubject heading access points VLOAD
Level of effort used to assign subject headings 201102181717
Level of effort used to assign classification VLOAD
Level of effort used to assign subject headings 201012131739
Level of effort used to assign classification wilmina
-- 201010251514
-- malathy
082 04 - DEWEY DECIMAL CLASSIFICATION NUMBER
Classification number 615.580846
Item number MID 2009
100 1# - MAIN ENTRY--PERSONAL NAME
Personal name Midlöv, Patrik.
9 (RLIN) 49373
245 10 - TITLE STATEMENT
Title Drug-related problems in the elderly /
Statement of responsibility, etc. Patrik Midlöv, Tommy Eriksson, Annika Kragh.
260 ## - PUBLICATION, DISTRIBUTION, ETC.
Place of publication, distribution, etc. Dordrecht :
Name of publisher, distributor, etc. Springer,
Date of publication, distribution, etc. c2009.
300 ## - PHYSICAL DESCRIPTION
Extent xi, 135 p. :
Other physical details ill. ;
Dimensions 24 cm.
504 ## - BIBLIOGRAPHY, ETC. NOTE
Bibliography, etc. note Includes bibliographical references and index.
650 #0 - SUBJECT ADDED ENTRY--TOPICAL TERM
Topical term or geographic name entry element Geriatric pharmacology.
9 (RLIN) 40187
650 #0 - SUBJECT ADDED ENTRY--TOPICAL TERM
Topical term or geographic name entry element Drugs
General subdivision Side effects.
9 (RLIN) 41540
700 1# - ADDED ENTRY--PERSONAL NAME
Personal name Eriksson, Tommy,
Titles and other words associated with a name Dr.
700 1# - ADDED ENTRY--PERSONAL NAME
Personal name Kragh, Annika.
9 (RLIN) 49374
710 2# - ADDED ENTRY--CORPORATE NAME
Corporate name or jurisdiction name as entry element Springer (Firm)
920 ## - Programme
Programme PHA : 153667
Holdings
Withdrawn status Lost status Source of classification or shelving scheme Damaged status Not for loan Collection code Home library Current library Date acquired Cost, normal purchase price Total Checkouts Barcode Date last seen Date last checked out Copy number Cost, replacement price Koha item type Public note
Withdrawn   Dewey Decimal Classification     Please fill up online form at https://taylorslibrary.taylors.edu.my/services/external_storage1 Taylor's Library-TU TU External Storage-LCS 23/11/2010 521.78 4 5000105277 05/12/2019 02/02/2014 1 521.78 Main Collection SOPxx,31001,03,CL